LEADER 01368nam a2200301 i 4500 001 000000347171 003 CaOOAMICUS 005 20210730105825.0 008 210730s1992 it a u000 u ita u 013 $a87560 020 $a88-7284-075-9 040 $aSeMil$bita 100 1 $aOmodeo, Adolfo,$d<1889-1946>.$0(OLS)http://semarc/name/5560 245 10$aGesł il Nazoreo /$cAdolfo Omodeo ; nuova edizione e saggio introduttivo di Francesco Erasmo Sciuto ; con lettere inedite di Richard Reitzenstein. 264 1$aSoveria Mannelli :$bRubbettino,$c1992. 300 $a188 p., [2] carte di tav. :$britr. ;$c21 cm 490 1 $aArmarium ;$v2 600 04$aGesł Cristo.$0(OLS)http://semarc/subject/712 650 4$aGesł Cristo - Gesł storico.$0(OLS)http://semarc/subject/742 700 1 $aSciuto, Francesco Erasmo,$d<1927-1995>.$0(OLS)http://semarc/name/21677 700 1 $aReitzenstein, Richard,$d<1861-1931>.$0(OLS)http://semarc/name/68737 830 0$aArmarium ;$v2.$0(OLS)http://semarc/title/12173 850 $aSeMil 852 $aSeMil$W1$xVenegono$y1$m2BA A 2$j227603$B238233$CSeMilBibl$Z2$F238233 $81 996 $6020$a88-7284-075-9$9(OLS)http://semarc/number/293730 996 $6245$aGesł il Nazoreo$9(OLS)http://semarc/title/436417 996 $6264$aSoveria Mannelli :$bRubbettino$9(OLS)http://semarc/publisher/32145 LEADER 00952nam a2200217 i 4500 001 000000208186 003 CaOOAMICUS 005 20111115000000.0 008 111115s1821 it u000 u ita u 013 $a186969 026 $aaeta reb- toa- Dede (7) 1821 (R) 040 $aSeMil$bita 100 1 $aSalvini, Antonio Maria,$d<1653-1729>.$0(OLS)http://semarc/name/2855 245 10$aTomo 6. 300 $a206, [2] p. 490 0 $aCollezione di opere classiche sacre e profane 773 0 $aSalvini, Antonio Maria <1653-1729>$tDei discorsi accademici di Anton Maria Salvini. Tomo 1. [-11.].$dBologna : presso Annesio Nobili, 1821-1822.$kCollezione di opere classiche sacre e profane$g6$w()25757 830 0$aCollezione di opere classiche sacre e profane.$0(OLS)http://semarc/title/34698 850 $aSeMil 852 $aSeMil$W1$xVenegono$y1$m1S III 39 FA$j158644$B158644$CSeMilBibl$Z2$F169821 $8I 996 $6245$aTomo 6$9(OLS)http://semarc/title/194410